000 00542nam a2200181Ia 4500
003 OSt
005 20200708120552.0
008 190216s9999||||xx |||||||||||||| ||und||
040 _coclc
082 _a907.2
_bGAN/C
100 _aGangadharan, T K
_91824
245 0 _aCharithra Rachanasasthram = Historiography /
_cT K Gangadharan
250 _a3rd Ed.
260 _bCalicut University Central Co-Operative,
_c2003.
_aCalicut:
300 _a218p
650 _aHistory
942 _cBK
_2ddc
_h907.2
_iGAN/C
_k907.2
_mGAN/C
999 _c21892
_d21892